What's the matter with Delaware?: how the first state has favored the rich, powerful, and criminal - and how it costs us all

Saved in:  
Bibliographic Details
Main Author: Weitzman, Hal (Author)
Format: Print Book
Language:English
Published: Princeton Oxford Princeton University Press 2024
In:Year: 2024
Online Access: Table of Contents
Check availability: HBZ Gateway
Book acquisition:Place book order
Subito Delivery Service: Order now.
Keywords:

MARC

LEADER 00000cam a2200000 c 4500
001 1901924955
003 DE-627
005 20251227181545.0
007 tu
008 240905s2024 xxu||||| 00| ||eng c
020 |a 9780691235745  |c Broschur  |9 978-0-691-23574-5 
020 |a 9780691180007  |c cloth  |9 978-0-691-18000-7 
035 |a (DE-627)1901924955 
035 |a (DE-599)KXP1901924955 
040 |a DE-627  |b ger  |c DE-627  |e rda 
041 |a eng 
044 |c XD-US 
082 0 |a 343.05/23  |q OCoLC  |2 23/eng/20220126 
100 1 |a Weitzman, Hal  |e VerfasserIn  |0 (DE-588)1263050956  |0 (DE-627)1811030173  |4 aut 
109 |a Weitzman, Hal 
245 1 0 |a What's the matter with Delaware?  |b how the first state has favored the rich, powerful, and criminal - and how it costs us all  |c Hal Weitzman 
264 1 |a Princeton  |a Oxford  |b Princeton University Press  |c 2024 
300 |a xii, 280 Seiten  |b Diagramme, 1 Karte 
336 |a Text  |b txt  |2 rdacontent 
337 |a ohne Hilfsmittel zu benutzen  |b n  |2 rdamedia 
338 |a Band  |b nc  |2 rdacarrier 
650 0 7 |0 (DE-588)4077886-1  |0 (DE-627)104279850  |0 (DE-576)20920656X  |a Steueroase  |2 gnd 
650 0 7 |0 (DE-588)4075092-9  |0 (DE-627)106087193  |0 (DE-576)209196645  |a Multinationales Unternehmen  |2 gnd 
650 0 7 |0 (DE-588)4057465-9  |0 (DE-627)106150928  |0 (DE-576)209122080  |a Steuerstrafrecht  |2 gnd 
650 0 7 |0 (DE-588)4239585-9  |0 (DE-627)104870907  |0 (DE-576)210422718  |a Geldwäsche  |2 gnd 
650 0 7 |0 (DE-588)4020646-4  |0 (DE-627)106317237  |0 (DE-576)208934278  |a Gesellschaftsrecht  |2 gnd 
650 0 7 |0 (DE-588)4066464-8  |0 (DE-627)106113437  |0 (DE-576)209164719  |a Wirtschaftskriminalität  |2 gnd 
650 4 |a Multinationales Unternehmen 
650 4 |a Wirtschaftskriminalität 
651 7 |0 (DE-588)4085407-3  |0 (DE-627)106059459  |0 (DE-576)209228474  |a Delaware  |2 gnd 
776 1 |z 9780691185774 
776 0 8 |i Erscheint auch als  |n Online-Ausgabe  |a Weitzman, Hal  |t Whats the matter with Delaware?  |d Princeton : Princeton University Press, 2022  |h 1 Online-Ressource (xii, 280 Seiten)  |z 9780691185774  |w (DE-604)BV048382736 
856 4 2 |u https://www.gbv.de/dms/bowker/toc/9780691180007.pdf  |x Aggregator  |3 Inhaltsverzeichnis  |7 1 
935 |a mkri 
951 |a BO 
ELC |b 1 
LOK |0 000 xxxxxcx a22 zn 4500 
LOK |0 001 4576515454 
LOK |0 003 DE-627 
LOK |0 004 1901924955 
LOK |0 005 20241011104258 
LOK |0 008 240905||||||||||||||||ger||||||| 
LOK |0 040   |a DE-Frei85  |c DE-627  |d DE-Frei85 
LOK |0 852   |a DE-Frei85 
LOK |0 852 1  |m p  |9 00 
LOK |0 938   |k p 
LOK |0 939   |a 05-09-24  |b l01 
ORI |a SA-MARC-krimdoka001.raw 
PDA |a yes